| 000 | 01246nam a2200409 i 4500 | ||
|---|---|---|---|
| 001 | 38134 | ||
| 003 | KOSZ 005 | ||
| 005 | 20200810123828.0 | ||
| 008 | 200810s2000 pl a f f 001 0 pol d | ||
| 020 | _a8371972628 | ||
| 040 |
_aKOSZ 005 _cKOSZ 005/RW |
||
| 046 | _k2000 | ||
| 080 | _a004.42 | ||
| 080 | _a004.92 | ||
| 080 | _a(07) | ||
| 100 | 1 | 0 |
_aPikoń, Andrzej _eAutor |
| 245 | 1 | 0 |
_aAutoCAD 2000 & 2000PL / _cAndrzej Pikoń. |
| 260 |
_aGliwice : _b"Helion", _ccopyright 2000. |
||
| 300 |
_a550 stron : _bilustracje ; _c24 cm. |
||
| 336 |
_aTekst _btxt _2rdacontent |
||
| 337 |
_aBez urządzenia pośredniczącego _bn _2rdamedia |
||
| 338 |
_aWolumin _bnc _2rdacarrier |
||
| 380 | _aKsiążki | ||
| 380 | _aPublikacje fachowe | ||
| 380 | _aPublikacje dydaktyczne | ||
| 388 | 1 | _a1901-2000 | |
| 388 | 1 | _a1989-2000 | |
| 504 | _aIndeks. | ||
| 650 | 7 | _aAutoCAD | |
| 650 | 7 | _aProgramy graficzne | |
| 650 | 7 | _aProjektowanie wspomagane komputerowo | |
| 655 | 7 | _aPodręcznik | |
| 658 | _aInformatyka i technologie informacyjne | ||
| 710 | 2 |
_aHelion _4pbl |
|
| 856 |
_uhttp://koha.tu.koszalin.pl/cgi-bin/koha/opac-detail.pl?biblionumber=38134 _yKatalog online BPK |
||
| 942 |
_2UKD _cKS |
||
| 999 |
_c38134 _d38134 |
||